Beyond Gandhian economics : (Record no. 72046)

MARC details
000 -LEADER
fixed length control field 01697nam a22003137a 4500
005 - DATE AND TIME OF LATEST TRANSACTION
control field 20121211142530.0
008 - FIXED-LENGTH DATA ELEMENTS--GENERAL INFORMATION
fixed length control field 121211t xxu||||| |||| 00| 0 eng d
010 ## - LCCN (DPL NO)
LC control number ENG-106409
020 ## - INTERNATIONAL STANDARD BOOK NUMBER
International Standard Book Number 9788132109495
Terms of availability 650.00
035 ## - SYSTEM CONTROL NUMBER
System control number EN-89942
037 ## - SOURCE OF ACQUISITION
Source of stock number/acquisition DBAD/PUB
040 ## - CATALOGING SOURCE
Original cataloging agency DPL
Language of cataloging Eng
082 00 - DEWEY DECIMAL CLASSIFICATION NUMBER
Classification number 330.092
Edition number 23
100 1# - MAIN ENTRY--PERSONAL NAME
Personal name Ghosh, B. N.
9 (RLIN) 54183
245 10 - TITLE STATEMENT
Title Beyond Gandhian economics :
Remainder of title towards a creative deconstruction /
Statement of responsibility, etc by B.N. Ghosh
260 ## - PUBLICATION, DISTRIBUTION, ETC. (IMPRINT)
Place of publication, distribution, etc New Delhi
Name of publisher, distributor, etc SAGE Publications
Date of publication, distribution, etc 2012.
270 ## - ADDRESS
Address B1/I-1 Mohan Cooperative Industrial Area Mathura Road
City New Delhi
Postal code 110044
300 ## - PHYSICAL DESCRIPTION
Extent xvii,224p.
Dimensions 22cm(Hb)
500 ## - GENERAL NOTE
General note Includes bibliographical references and index.
505 0# - FORMATTED CONTENTS NOTE
Formatted contents note Whither Gandhian economics -- Gandhi's concept of man -- Gandhi on the dynamics of dependency, integration and change -- Gandhi's perception of poverty and economic disparities -- Gandhi's philosophy of conflict management -- Dialectics and development: Hegel, Marx and Gandhi -- Justice as fair treatment : contextualizing Gandhi in contemporary consciousness -- Gandhi on politics, power and governance -- Gandhi on sustainable development -- Towards a new interpretation of Gandhian economics.
600 10 - SUBJECT ADDED ENTRY--PERSONAL NAME
Personal name Gandhi,
Titles and other words associated with a name Mahatma,
Dates associated with a name 1869-1948.
9 (RLIN) 54184
650 #0 - SUBJECT ADDED ENTRY--TOPICAL TERM
Topical term or geographic name as entry element Economics
Geographic subdivision India.
9 (RLIN) 54185
650 #0 - SUBJECT ADDED ENTRY--TOPICAL TERM
Topical term or geographic name as entry element Economic development
Form subdivision India.
9 (RLIN) 1374
650 #0 - SUBJECT ADDED ENTRY--TOPICAL TERM
Topical term or geographic name as entry element Economics.
9 (RLIN) 54186
650 #0 - SUBJECT ADDED ENTRY--TOPICAL TERM
Topical term or geographic name as entry element Economic development.
9 (RLIN) 1374
942 ## - ADDED ENTRY ELEMENTS (KOHA)
Source of classification or shelving scheme Dewey Decimal Classification
Item type English Books
Classification part 330.092
Call number suffix GHO
Holdings
Withdrawn status Lost status Source of classification or shelving scheme Damaged status Not for loan Collection code Home library Current library Date acquired Source of acquisition Cost, normal purchase price Total Checkouts Full call number Barcode Date last seen Copy number Cost, replacement price Koha item type
    Dewey Decimal Classification   Not For Loan Non-fiction D.B.Act.Division D.B.Act.Division 11/12/2012 DBAD/PUB 650.00   330.092 GHO EN-89942 11/12/2012 1 650.00 English Books

© Delhi Public Library
Hit Counter
free hit counter